| 000 | 00000nam##2200000za#4500 |
| 001 | 9.523485 |
| 003 | CaOODSP |
| 005 | 20200327031706 |
| 007 | ta |
| 008 | 150406|1994||||xxc||||| f|0| 0 fre|d |
| 020 | |a0-660-58984-2 |
| 022 | |a0706-148X |
| 040 | |aCaOODSP|bfre |
| 041 | |aeng |
| 041 | |afre |
| 043 | |an-cn--- |
| 086 | 1 |aS52-2/223-1994 |
| 110 | 1 |aCanada.|bTravaux publics et Services gouvernementaux Canada. |bServices de traduction. |
| 245 | 10|aVocabulaire de l'emballage / |cpar Jean Le Page. |
| 260 | |aOttawa - Ontario : |bTravaux publics et Services gouvernementaux Canada. |c1994. |
| 300 | |axiv, 251p. ; |c22 cm. |
| 490 | 1 |aBulletin de terminologie|x0706-148X|v223 |
| 520 | 3 |aPar Jean Le Page. Ce volume contient 900 termes du domaine de l'emballage. La plupart des termes comportent une définition et un renvoi au champ d'application. Y sont abordées des spécialités de l'emballage telles que l'étiquetage, l'encartonnage, l'encaissage et l'emballage inviolable. |
| 546 | |aBilingue |
| 563 | |aCouverture souple |
| 590 | |a94-09|b1994-03-04 |
| 691 | 07|aTerminologie|2gcpds |
| 691 | 07|aEmballage|2gcpds |
| 720 | 1 |aLe Page, Jean |
| 776 | 0#|tVocabulary of packaging / |w(CaOODSP)9.590557 |
| 791 | |tVocabulary of packaging / |eeng|w(CaOODSP)9.523484 |
| 830 | #0|aBulletin de terminologie,|x0706-148X|v223|w(CaOODSP)9.509599 |